<?xml version="1.0" encoding="UTF-8"?>
<record
    xmlns:xsi="http://www.w3.org/2001/XMLSchema-instance"
    xsi:schemaLocation="http://www.loc.gov/MARC21/slim http://www.loc.gov/standards/marcxml/schema/MARC21slim.xsd"
    xmlns="http://www.loc.gov/MARC21/slim">

  <leader>00999nam a22002417a 4500</leader>
  <datafield tag="010" ind1=" " ind2=" ">
    <subfield code="a">A-978110</subfield>
  </datafield>
  <datafield tag="020" ind1=" " ind2=" ">
    <subfield code="a">817116224</subfield>
  </datafield>
  <datafield tag="035" ind1=" " ind2=" ">
    <subfield code="a">A-978110</subfield>
  </datafield>
  <datafield tag="037" ind1=" " ind2=" ">
    <subfield code="b">Cen Lib / Ret</subfield>
  </datafield>
  <datafield tag="040" ind1=" " ind2=" ">
    <subfield code="a">DPL</subfield>
    <subfield code="b">PN</subfield>
  </datafield>
  <datafield tag="082" ind1=" " ind2=" ">
    <subfield code="a">852</subfield>
    <subfield code="b">&#xA38;&#xA3F;&#xA4D;&#xA27;&#xA42;&#xA42;&#xA42;&#xA1A;</subfield>
  </datafield>
  <datafield tag="100" ind1=" " ind2=" ">
    <subfield code="a">&#xA38;&#xA3F;&#xA4D;&#xA27;&#xA42;&#xA42;&#xA42; , &#xA1A;&#xA30;&#xA28; &#xA26;&#xA3E;&#xA38;</subfield>
    <subfield code="9">3200</subfield>
  </datafield>
  <datafield tag="245" ind1=" " ind2=" ">
    <subfield code="a">&#xA07;&#xA15;&#xA40;&#xA35;&#xA40;&#xA02;&#xA02; &#xA2E;&#xA70;&#xA1C;&#xA3F;&#xA32; :</subfield>
    <subfield code="b">&#xA26;&#xA41;&#xA16;&#xA3E;&#xA02;&#xA24; &#xA28;&#xA3E;&#xA1F;&#xA15;</subfield>
    <subfield code="c"> &#xA1A;&#xA30;&#xA28; &#xA26;&#xA3E;&#xA38; &#xA38;&#xA3F;&#xA4D;&#xA27;&#xA42;&#xA42;&#xA42;</subfield>
  </datafield>
  <datafield tag="246" ind1=" " ind2=" ">
    <subfield code="a">Ekivee manzil : buskin</subfield>
    <subfield code="b">by Charan dass sidhu</subfield>
  </datafield>
  <datafield tag="260" ind1=" " ind2=" ">
    <subfield code="a">&#xA26;&#xA3F;&#xA32;&#xA40;</subfield>
    <subfield code="b">&#xA28;&#xA4C;&#xA38;&#xA3C;&#xA28;&#xA32; &#xA2C;&#xA41;&#xA15; &#xA38;&#xA3C;&#xA3E;&#xA2A;</subfield>
    <subfield code="c">1999</subfield>
  </datafield>
  <datafield tag="270" ind1=" " ind2=" ">
    <subfield code="a">&#xA2A;&#xA32;&#xA08;&#xA4D;&#xA05;&#xA30; &#xA17;&#xA3E;&#xA30;&#xA21;&#xA28; &#xA2E;&#xA3E;&#xA30;&#xA15;&#xA40;&#xA1F;, &#xA1A;&#xA3E;&#xA02;&#xA26;&#xA28;&#xA40; &#xA1A;&#xA4C;&#xA15;,</subfield>
    <subfield code="b">&#xA26;&#xA3F;&#xA32;&#xA40;</subfield>
    <subfield code="e">110006</subfield>
  </datafield>
  <datafield tag="300" ind1=" " ind2=" ">
    <subfield code="a">88 p.</subfield>
    <subfield code="c">23cm(Hb)</subfield>
  </datafield>
  <datafield tag="650" ind1=" " ind2=" ">
    <subfield code="a">&#xA38;&#xA3E;&#xA39;&#xA3F;&#xA24;--&#xA2A;&#xA70;&#xA1C;&#xA3E;&#xA2C;&#xA40; </subfield>
    <subfield code="9">127173</subfield>
  </datafield>
  <datafield tag="650" ind1=" " ind2=" ">
    <subfield code="a">&#xA2A;&#xA70;&#xA1C;&#xA3E;&#xA2C;&#xA40; --&#xA28;&#xA3E;&#xA1F;&#xA15;</subfield>
    <subfield code="9">127174</subfield>
  </datafield>
  <datafield tag="650" ind1=" " ind2=" ">
    <subfield code="a">Literature--Punjabi </subfield>
    <subfield code="9">127175</subfield>
  </datafield>
  <datafield tag="650" ind1=" " ind2=" ">
    <subfield code="a">Punjabi--Play</subfield>
    <subfield code="9">7361</subfield>
  </datafield>
  <datafield tag="942" ind1=" " ind2=" ">
    <subfield code="2">ddc</subfield>
    <subfield code="c">PN</subfield>
    <subfield code="e">1999</subfield>
    <subfield code="h">852</subfield>
    <subfield code="m">&#xA38;&#xA3F;&#xA27;&#xA42;&#xA1A;</subfield>
  </datafield>
  <datafield tag="999" ind1=" " ind2=" ">
    <subfield code="c">109628</subfield>
    <subfield code="d">109628</subfield>
  </datafield>
  <datafield tag="952" ind1=" " ind2=" ">
    <subfield code="0">0</subfield>
    <subfield code="1">0</subfield>
    <subfield code="4">0</subfield>
    <subfield code="7">1</subfield>
    <subfield code="8">REF</subfield>
    <subfield code="a">L</subfield>
    <subfield code="b">L</subfield>
    <subfield code="d">2015-06-01</subfield>
    <subfield code="e">Cen Lib/ Ret</subfield>
    <subfield code="g">80.00</subfield>
    <subfield code="l">0</subfield>
    <subfield code="o">802 &#xA38;&#xA3F;&#xA27;&#xA42;&#xA1A;</subfield>
    <subfield code="p">A-978110</subfield>
    <subfield code="r">2015-06-01 00:00:00</subfield>
    <subfield code="t">1</subfield>
    <subfield code="v">80.00</subfield>
    <subfield code="w">2016-09-15</subfield>
    <subfield code="y">PN</subfield>
  </datafield>
</record>
